000 00526nam a2200193Ia 4500
005 20250326141959.0
008 250326s9999 xx 000 0 und d
037 _aTextbook
040 _aFMSL
_beng
_cFMSL
041 _aeng
_2eng
084 _qFMSL
100 _aDavis K
_9292457
245 0 _aHuman Behaviour at work : Organizational behaviour
_cDavis K; Newstrom J W
250 _a7th
260 _aNew York
_bNew York, Mc Graw Hill Book co.
_c1985
300 _a603p
942 _cTB
999 _c1292893
_d1292893